| 000 | 00450nam a22001457a 4500 | ||
|---|---|---|---|
| 008 | 230410b |||||||| |||| 00| 0 eng d | ||
| 040 |
_aNational Science Library _cNational Science Library |
||
| 080 |
_aR 636.089(058) _bL9 |
||
| 245 |
_aAnimal health yearbook 1978 _c/ Food and Agriculture Organisation |
||
| 260 |
_aRome: _bFood and Agriculture Organisation, _c1979 |
||
| 300 | _a199p. | ||
| 650 | _aManagement | ||
| 653 | _aFood | ||
| 942 |
_2udc _cPR |
||
| 999 |
_c20082 _d20082 |
||